Ο ανθρώπινος παράγων στη σύγχρονη ελληνική επιχείρηση : 4ος πανελλήνιος φοιτητικός διαγωνισμός
Αποθηκεύτηκε σε:
| Μορφή: | Βιβλίο |
|---|---|
| Γλώσσα: | Greek |
| Δημοσίευση: |
Αθήνα :
Βιομηχανική Οικονομική Επιθεώρηση,
1998
|
| Θέματα: | |
| Ετικέτες: |
Προσθήκη ετικέτας
Δεν υπάρχουν, Καταχωρήστε ετικέτα πρώτοι!
|
MARC
| LEADER | 00000cam a2200000 i 4500 | ||
|---|---|---|---|
| 001 | 1/67077 | ||
| 008 | 981007s1998 gre d | ||
| 020 | |a 960-86003-3-2 | ||
| 035 | |l 10029939 | ||
| 040 | |a GR-MY-UA |b gre |e aacr | ||
| 041 | 0 | |a gre | |
| 082 | 0 | |a 338.9495 | |
| 245 | 1 | 2 | |a Ο ανθρώπινος παράγων στη σύγχρονη ελληνική επιχείρηση : |b 4ος πανελλήνιος φοιτητικός διαγωνισμός |
| 260 | |a Αθήνα : |b Βιομηχανική Οικονομική Επιθεώρηση, |c 1998 | ||
| 300 | |a 174 σ.; |c 23 cm | ||
| 500 | |a Οι βραβευμένες εργασίες του 4ου πανελλήνιου φοιτητικού διαγωνισμού | ||
| 500 | |a Με τη χορηγία του Ομίλου Εταιρειών INTERAMERICAN | ||
| 650 | 0 | 0 | |a Industries |x Management |z Greece. |
| 852 | |a INST |b CHIOS |e 19981007 |h 338.9495 ΑΝΘ |p 005200015540 |q 005200015540 |t BK |y 0 | ||
| 852 | |a INST |b CHIOS |e 19981007 |h 338.9495 ΑΝΘ |p 005200015541 |q 005200015541 |t BK |y 0 | ||
| 901 | |a BIBL-1998-3 | ||
| 909 | |a Χ |b 054894 | ||
| 909 | |a Χ |b 054893 | ||
| 920 | |a Βιομηχανική Οικονομική Επιθεώρηση |y Χίος |z 1998-09 | ||
| 970 | |z 2000/08/Δεμέναγας | ||